000 01928 a2200217 4500
001 1888
005 20260407155419.0
008 260407a2007 arg spa d
003 AR-UNSa-BCEJYS
040 _aAR-UNSa-BCEJYS
_bspa
_cAR-UNSa-BCEJYS
080 _a657.31
_xPresupuestos. Previsiones. Planes financieros. Estado de flujo de efectivo
245 1 0 _aEstado de flujo de efectivo
_parmado e interpretación
020 _a978-987-01-0712-5
264 1 _aBuenos Aires :
_bErrepar
_c2007
300 _axxx, 447 p.
_c21 cm.
505 _a1. Vigencia para la presentación del estado - 2. Conceptos básicos - 3. Metodología general - 4. Ganancia ordinaria -origen- 5- . Pérdida ordinaria -aplicación- 6. Aumento de la inversión estructural -aplicación- 7. Disminución de la inversión estructural -origen- 8. Aportes de los propietarios -origen- 9. Ingresos de préstamos a largo plazo -origen- 10. Distribución de utilidades -aplicación- 11. Cancelación de préstamos no corrientes - 12. Amortizaciones - 13. Constitución de previsiones - 14. Valor residual de las bajas de bienes de uso - 15. Resultado participación en sociedades artículo 33, ley 19.550 - 16. Desafectación de la reserva por revalúo técnico - 17. Conceptos vinculados al capital de trabajo - 18. Adecuaciones del pasaje del criterio devengado al percibido - 19. esposición por método directo - 20. Tratamiento de intereses e impuestos - 21. Otros aspectos de exposición - 22. Estado de flujo de efectivo consolidado - 23. Caso práctico: resumen básico - 24. Caso práctico: resumen completo - 25. Enfoque simplificado y conceptualización - 26. Estado de flujo de efectivo en moneda homogénea
942 _cBK
590 _aniveau_biblio:m niveau_hierar:0
100 1 _aSenderovich, Pablo David
856 4 1 _uhttps://biblioeco.unsa.edu.ar/pmb/images/libros/Estado de flujo de efectivo2-l118144.jpg.jpg
_yImagen de portada
_qimage/jpeg
999 _c188
_d188